000 002700000a22000970004500
100 1 _aCruchley Jones, Peter
245 1 0 _aLiving witthout walls : Mission in the rupture
300 _aVol. 52, Num. 2 (Junio, 2002), Páginas 94-104
773 0 _tReformed World
942 _cANA
999 _c55620
_d55620